Pracovné podmienky pre slovenských stavebníkov v Nemecku sa sprísňujú

Podmienky nemeckých úradov na udelenie licencie slovenskej firme na fiškálny rok 1994-1995 na vykonávanie stavebných prác ako vyplynuli z rokovania zástupcov Zväzu stavebných podnikateľov Slovenska a zástupcu MH SR s nemeckými partnermi v júli 1994. Kritériá výberu firmy na Slovensku. Konkurencia.

Saved in:
Bibliographic Details
Main Author: Lajčiaková, D.
Format: Book Chapter
Language:Slovak
Subjects:
Tags: Add Tag
No Tags, Be the first to tag this record!

MARC

LEADER 00000naa a2200000 4500
001 r015791
005 20221213114642.4
041 0 |a slo 
044 |a SK 
245 1 0 |a Pracovné podmienky pre slovenských stavebníkov v Nemecku sa sprísňujú  |c D. Lajčiaková 
520 |a Podmienky nemeckých úradov na udelenie licencie slovenskej firme na fiškálny rok 1994-1995 na vykonávanie stavebných prác ako vyplynuli z rokovania zástupcov Zväzu stavebných podnikateľov Slovenska a zástupcu MH SR s nemeckými partnermi v júli 1994. Kritériá výberu firmy na Slovensku. Konkurencia. 
610 2 0 |a stavebníctvo 
610 2 0 |a podnikatelia 
610 2 0 |a podnik stavebný 
610 2 0 |a licencie 
610 2 0 |a Nemecko 
610 2 0 |a Slovensko 
610 2 0 |a 1994-1995 
610 2 0 |a podmienky pracovné 
610 2 0 |a pracovníci zahraniční 
610 2 0 |a zmluvy o dielo 
100 1 |a Lajčiaková, D.